[Event "GER-chT U16"]
[Site "Walldorf"]
[Date "2017.12.28"]
[Round "4.3"]
[White "Reindl, Jork"]
[Black "Greitmann, Niklas"]
[Result "0-1"]
[WhiteElo "1648"]
[BlackElo "1658"]
[PlyCount "120"]
[EventDate "2017.12.26"]
[EventType "team-swiss"]
[EventRounds "7"]
[EventCountry "GER"]
[SourceTitle "CBM 182 Extra"]
[Source "ChessBase"]
[SourceDate "2018.02.23"]
[SourceVersion "1"]
[SourceVersionDate "2018.02.23"]
[SourceQuality "1"]
[WhiteTeam "Schwaebisch Gmuend"]
[BlackTeam "Bebenhausen"]
[WhiteTeamCountry "GER"]
[BlackTeamCountry "GER"]

1. e4 c5 2. Nf3 Nc6 3. d4 cxd4 4. Nxd4 g6 5. Be3 Bg7 6. c4 Nf6 7. Nc3 Ng4 8. Qxg4 Nxd4 9. Qd1 e5 10. Nd5 0-0 11. Bxd4 exd4 12. Bd3 d6 13. 0-0 Be6 14. Rb1 Rc8 15. Qb3 Bxd5 16. cxd5 Qe7 17. Rbe1 a6 18. Qb4 Qc7 19. f4 Rfd8 20. Qb3 Rf8 21. f5 Kh8 22. Qd1 Bh6 23. Qg4 Be3+ 24. Kh1 Qe7 25. f6 Qd8 26. Qh4 Re8 27. Rf3 Re5 28. g4 Rc5 29. Qg3 Bg5 30. h4 Bxf6 31. Ref1 Bg7 32. Rxf7 Rc7 33. h5 g5 34. Rxc7 Qxc7 35. Qh3 Qe7 36. h6 Bf8 37. Qh5 Kg8 38. Rf5 Rxf5 39. gxf5 Qf6 40. Kg2 Qxh6 41. Qxh6 Bxh6 42. Kg3 Bg7 43. a4 h5 44. b4 Be5+ 45. Kg2 Kf7 46. b5 axb5 47. Bxb5 b6 48. Be2 g4 49. Kf2 Kf6 50. Bd3 Kg5 51. Bc2 h4 52. Kg2 h3+ 53. Kg1 g3 54. Bd3 Kf4 55. Be2 Kxe4 56. Bg4 h2+ 57. Kg2 Kf4 58. f6 Bxf6 59. Be2 Be5 60. Bd1 Ke3 0-1

[Event "GER-chT U16"]
[Site "Neumarkt in der Oberpfalz"]
[Date "2016.12.28"]
[Round "3.4"]
[White "Akimenko, Oleg"]
[Black "Greitmann, Niklas"]
[Result "0-1"]
[WhiteElo "1225"]
[BlackElo "1435"]
[PlyCount "76"]
[EventDate "2016.12.27"]
[EventType "team-swiss"]
[EventRounds "7"]
[EventCountry "GER"]
[SourceTitle "EXT 2018"]
[Source "ChessBase"]
[SourceDate "2017.10.13"]
[SourceVersion "1"]
[SourceVersionDate "2017.10.13"]
[SourceQuality "1"]
[WhiteTeam "Karlsruhe SF"]
[BlackTeam "Bebenhausen"]
[WhiteTeamCountry "GER"]
[BlackTeamCountry "GER"]

1. e4 c5 2. Nf3 Nc6 3. c3 Nf6 4. e5 Nd5 5. d4 cxd4 6. cxd4 d6 7. exd6 Qxd6 8. h3 e6 9. a3 Be7 10. Bc4 Nb6 11. Ba2 0-0 12. 0-0 Rd8 13. Be3 Bf6 14. Nc3 Qd7 15. Ne2 Nd5 16. Bg5 Qe7 17. Bxf6 Qxf6 18. Qc2 Nce7 19. Rad1 b6 20. Bc4 Bb7 21. Qe4 Rac8 22. Qd3 Rc7 23. Ba6 Bxa6 24. Qxa6 Nf4 25. Rc1 Rxc1 26. Rxc1 Nxh3+ 27. gxh3 Qxf3 28. Ng3 Qf4 29. Ne2 Qb8 30. b4 Nd5 31. b5 g6 32. Qa4 Nf4 33. Nxf4 Qxf4 34. Rd1 Qf3 35. Kh2 Qxf2+ 36. Kh1 Qf3+ 37. Kh2 Qf2+ 38. Kh1 Qg3 0-1